|
|
|
|
| LEADER |
00000nam0a2200000 4500 |
| 001 |
128998 |
| 005 |
20231031133143.0 |
| 010 |
|
|
|a 9785020342729
|
| 035 |
|
|
|a (RuTPU)RU\TPU\book\139593
|
| 090 |
|
|
|a 128998
|
| 100 |
|
|
|a 20080117d2007 k y0rusy50 ca
|
| 101 |
0 |
|
|a rus
|
| 102 |
|
|
|a RU
|
| 105 |
|
|
|a a z 001zy
|
| 200 |
1 |
|
|a Гетерогенные кобальт-медноколчеданные месторождения в ультрамафитах палеоостроводужных структур
|f И. Ю. Мелекесцева
|g Российская академия наук (РАН), Уральское отделение (УО), Институт минералогии (ИМ)
|
| 210 |
|
|
|a Москва
|c Наука
|d 2007
|
| 215 |
|
|
|a 245 с.
|c ил.
|
| 320 |
|
|
|a Литература: с. 227-242.
|
| 330 |
|
|
|a В монографии изложены результаты исследования кобальт-медноколчеданных месторождений, ассоциирующих с ультрамафитами, на примере палеоостроводужных структур Урала. Гетерогенность месторождений обусловливается: 1) двухэтажным формированием оруденения, связанным с различными геодинамическими режимами; 2) образованием руд разными способами - гидротермально-осадочным, седиментационным и гидротермально-метасоматичсским. Впервые для колчеданных руд Урала установлены моноклинный Со-сульфоарсенид - аллоклазит, Co-Ni-Fc-диарсениды: леллингит, саффлорит, раммельсбергит и крутовит, а также распределение и формы выделения золота, которое тесно ассоциирует с сульфоарсенидами и арсенидами кобальта, никеля и железа. Проведен сравнительный анализ древних и современных кобальтсодержащих колчеданных руд из ультрамафитов. Сделан вывод о возможности выявления сульфидных руд в пластинах ульфамафитов аккреционных призм современных островных дуг. Для специалистов в области рудной геологии и минералогии, аспирантов и студентов.
|
| 610 |
1 |
|
|a кобальт-медноколчеданные месторождения
|
| 610 |
1 |
|
|a гетерогенные месторождения
|
| 610 |
1 |
|
|a геологическое строение
|
| 610 |
1 |
|
|a руды
|
| 610 |
1 |
|
|a рудные залежи
|
| 610 |
1 |
|
|a формирование
|
| 610 |
1 |
|
|a гетеротермальные сульфидные месторождения
|
| 610 |
1 |
|
|a геология
|
| 610 |
1 |
|
|a минералогия
|
| 610 |
1 |
|
|a Урал
|
| 675 |
|
|
|a 553.435
|v 3
|
| 675 |
|
|
|a 553.484
|v 3
|
| 700 |
|
1 |
|a Мелекесцева
|b И. Ю.
|g Ирина Юрьевна
|
| 712 |
0 |
2 |
|a Российская академия наук (РАН)
|b Уральское отделение (УО)
|b Институт минералогии (ИМ)
|2 stltpush
|3 (RuTPU)RU\TPU\col\11835
|
| 801 |
|
1 |
|a RU
|b 63413507
|c 20080117
|g PSBO
|
| 801 |
|
2 |
|a RU
|b 63413507
|c 20080215
|g PSBO
|
| 942 |
|
|
|c BK
|